| 000 | 00794mam a2200289ua 4500 | ||
|---|---|---|---|
| 001 | 2115182 | ||
| 003 | ARRUPE | ||
| 005 | 20150129144322.0 | ||
| 008 | 980120s1998 enk 000 0 eng d | ||
| 010 | _agb 98013499 | ||
| 015 | _aGB98-13499 | ||
| 020 | _a0571194729 (cased) | ||
| 035 | _a(OCoLC)ocm38363508 | ||
| 035 | _a(NNC)2115182 | ||
| 040 |
_aHLS _cHLS _dGZM _dUKM |
||
| 050 | 4 |
_aPR6058.U37 _bB57 1998x |
|
| 082 | 0 | 4 |
_a821.914 _221 |
| 100 | 1 |
_aHughes, Ted, _d1930-1998. _914773 |
|
| 245 | 1 | 0 |
_aBirthday letters / _cTed Hughes. |
| 260 |
_aLondon : _bFaber and Faber, _c1998. |
||
| 300 |
_aix, 197 p. ; _c23 cm. |
||
| 500 | _aPoems. | ||
| 600 | 1 | 0 |
_aPlath, Sylvia _vPoetry. _914774 |
| 600 | 1 | 0 |
_aHughes, Ted, _d1930-1998 _vPoetry. _914775 |
| 942 |
_2lcc _cMONOGRAPH |
||
| 999 |
_c121934 _d121934 |
||